| 000 | 00548nam a22001817a 4500 | ||
|---|---|---|---|
| 005 | 20251108173355.0 | ||
| 008 | 250721s2002 xx 000 0 ara d | ||
| 082 | 1 | 4 | _a218.2/ترك |
| 100 | 1 | _aالتركي، منيرة عبد العزيز | |
| 245 | 1 | 0 | _aالسواك بين الشرع و الطب / |
| 264 | 1 |
_aالرياض : _bدار طويق للنشر و التوزيع، _c2002. |
|
| 300 | _a56 ص. | ||
| 650 | 1 | 7 | _aالمسواك |
| 650 | 1 | 7 | _aصحة الإنسان |
| 650 | 1 | 7 | _aالفضائل |
| 942 |
_2ddc _cBK |
||
| 999 |
_c102384 _d102384 |
||